| 000 | 00753nam a2200301 a 4500 | ||
|---|---|---|---|
| 003 | AR-BaBNM | ||
| 005 | 20251128203457.0 | ||
| 008 | 082120s2002 ||||||||||||||000 | spa|| | ||
| 040 | _cAR-BaBNM | ||
| 100 | 1 | _aSowell, Thomás | |
| 245 | 0 | 0 | _aReconsideración de la economía clásica |
| 260 |
_aBuenos Aires _bEudeba _c1980 |
||
| 300 |
_a148 p. _bgráfs. |
||
| 490 | 0 | _aTemas economía | |
| 650 | 4 | _aCAPITALISMO | |
| 650 | 4 | _aMACROECONOMIA | |
| 650 | 4 | _aMICROECONOMIA | |
| 650 | 4 | _aIDEOLOGIAS | |
| 650 | 4 | _aHISTORIA ECONOMICA | |
| 650 | 4 | _aPRODUCCION | |
| 650 | 4 | _aECONOMIA | |
| 650 | 4 | _aSOCIOLOGIA | |
| 650 | 4 | _aMETODOS | |
| 653 | _aFILOSOFIA SOCIAL | ||
| 700 | 1 |
_aFigueroa, Mercedes _etraductor |
|
| 942 | _cBK | ||
| 998 | _cmariana | ||
| 999 |
_c3568 _d3568 |
||